ბათუმის შოთა რუსთაველის სახელმწიფო უნივერსიტეტის ბიბლიოთეკა

სამშენებლო მანქანების ამოცანათა კრებული : (ბიბ.ჩანაწერი № 38783)

000 -ლიდერი
ფიქსირებული სიგრძის საკონტროლო ველი 00915nam a2200205Ia 4500
001 - საკონტროლო ნომერი
საკონტროლო ველი 5132
003 - საკონტროლო ნომრის იდენტიფიკატორი
საკონტროლო ველი GE_BSU
005 - ბოლო ოპერაციის თარიღი და დრო
საკონტროლო ველი 20190524162304.0
008 - ფიქსირებული სიგრძის მონაცემთა ელემენტები - ზოგადი ინფორმაცია
ფიქსირებული სიგრძის საკონტროლო ველი 181216s1969||||ge |||||||||||||| ||geo||
040 ## - კატალოგიზაციის წყარო
Transcribing agency GE_BSU
041 ## - ენის კოდი
Language code of text/sound track or separate title geo
080 ## - უნივერსალური ათობითი კლასიფიკაციის ინდექსი
Universal Decimal Classification number 693.002(072) ჩ-76
100 ## - მთავარი ჩანაწერი - პიროვნების სახელი
Personal name ჩოგოვაძე, დ.
9 (RLIN) 840
245 ## - ცნობა სათაურის შესახებ
Title სამშენებლო მანქანების ამოცანათა კრებული :
Remainder of title დამხმ. სახელმძღვ. /
Statement of responsibility, etc დ. ჩოგოვაძე ; რედ. ზ. ჯიბლაძე.
264 ## - წარმოების, გამოცემის, დისტრიბუციის და სხვა ცნობები
გამოცემის, წარმოების, დისტრიბუციის... ადგილი თბილისი :
გამოცემის, წარმოების, დისტრიბუციის... სახელწოდება განათლება,
გამოცემის, წარმოების, დისტრიბუციის... თარიღი 1969.
300 ## - ფიზიკური აღწერა
Extent 70 გვ. :
Other physical details ილ. ;
Dimensions 20 სმ.
653 ## - INDEX TERM--UNCONTROLLED
Uncontrolled term სამშენებლო მანქანების ამოცანათა კრებული
700 ## - ADDED ENTRY--PERSONAL NAME
Personal name ჯიბლაძე, ზ.
Relator term რედაქტორი
9 (RLIN) 1588
942 ## - ADDED ENTRY ELEMENTS (KOHA)
Koha item type წიგნი
Source of classification or shelving scheme
ეგზემპლარები
ჩამოწერის სტატუსი დაკარგული ეგზემპლარის სტატუსი კლასიფიკაციის წყარო ან თაროზე გაწყობის სქემა დაზიანების სტატუსი არ გაიცემა მუდმივი მდებარეობა (დაცვის ადგილი) ამჟამინდელი ადგილსამყოფელი თაროზე განთავსების ადგილი შეძენის თარიღი ღირებულება, შესყიდვის ნორმალური ფასი სრული შენახვის შიფრი შტრიხკოდი ბოლო ოპერაციის თარიღი ეგზემპლარის მიმდევრობითი ნომერი (კეტერი?) ფასის ძალაში შესვლის თარიღი ეგზემპლარის სახეობა საჯარო შენიშვნა
          ტექნოლოგიური ფაკულტეტის ბიბლიოთეკა ტექნოლოგიური ფაკულტეტის ბიბლიოთეკა წიგნსაცავი 2018-12-17 0.30 693.002(072) ჩ-76 11969 2018-12-17 11969 2018-12-17 წიგნი 0.30 ლ.
          ტექნოლოგიური ფაკულტეტის ბიბლიოთეკა ტექნოლოგიური ფაკულტეტის ბიბლიოთეკა წიგნსაცავი 2018-12-17 0.30 693.002(072) ჩ-76 11970 2018-12-17 11970 2018-12-17 წიგნი 0.30 ლ.
          ტექნოლოგიური ფაკულტეტის ბიბლიოთეკა ტექნოლოგიური ფაკულტეტის ბიბლიოთეკა წიგნსაცავი 2018-12-17 0.30 693.002(072) ჩ-76 11971 2018-12-17 11971 2018-12-17 წიგნი 0.30 ლ.